zpět

Detail výsledku týmu

Pekelná Husa, Klatovy

Datum a čas kvízu

14 Celkem bodů Celkový počet nahraných bodů na tomto kvízu bez doplňovacích otázek.
11. Pořadí na kvízu Konečné umístění týmu na tomto kvízu.

Zaznamenané odpovědi

# Otázka Odpověď Body Výsledky
1. Při úřadu vlády vznikne komise... Ďáblický hřbitov 0
2. V Kuvajtu byla v pondělí novin... Byla vytvořena pomocí umělé inteligence. 1
3. Agáta Prachařová povila minulý... Rozárie 0
4. Ve které zemi byl minulý týden... ve Finsku 0
5. V úterý bylo pro veřejnost odt... Srdce do hry 0
6. Pokračujeme představováním fil... Krakov 0
7. Sedmý film žebříčku byl natoče... Francis Ford Coppola, Marlon Brando, Al Pacino 0
8. Jak se jmenuje film na osmém m... Dvanáct rozhněvaných mužů 0
9. Jediný francouzský film a prvn... Nedotknutelní 1
10. Ve kterém roce byl poprvé uved... v roce 1999 (odpovědi 1998 a 2000 získávají půl bodu) 0.5